[Event "GER-chT North U16"]
[Site "Greifswald"]
[Date "2013.09.15"]
[Round "7.4"]
[White "Guenther, Alexander"]
[Black "Handke, Moritz"]
[Result "1-0"]
[WhiteElo "1488"]
[BlackElo "1485"]
[PlyCount "63"]
[EventDate "2013.09.12"]
[EventType "team-swiss"]
[EventRounds "7"]
[EventCountry "GER"]
[SourceTitle "EXT 2014"]
[Source "ChessBase"]
[SourceDate "2013.11.20"]
[SourceVersion "1"]
[SourceVersionDate "2013.11.20"]
[SourceQuality "1"]
[WhiteTeam "Stade"]
[BlackTeam "Merseburg"]
[WhiteTeamCountry "GER"]
[BlackTeamCountry "GER"]

1. d4 d5 2. Nf3 e6 3. Bf4 c5 4. e3 c4 5. c3 Qb6 6. Qc2 Nc6 7. Be2 Nf6 8. Nbd2 Bd7 9. 0-0 Be7 10. b3 cxb3 11. axb3 Rc8 12. c4 Qd8 13. e4 Nb4 14. Qb1 dxe4 15. Nxe4 Nxe4 16. Qxe4 Bc6 17. Qb1 a6 18. Be3 0-0 19. Rd1 f5 20. Ne5 Be4 21. Qb2 f4 22. Bd2 Nc2 23. Ra2 f3 24. Nxf3 Bxf3 25. Bxf3 Nxd4 26. Bxb7 Rb8 27. Ba5 Nf3+ 28. Bxf3 Qe8 29. Bc3 Qg6 30. Be2 Bh4 31. g3 Rf7 32. Rf1 1-0

[Event "GER-chT U14"]
[Site "Lingen"]
[Date "2011.12.29"]
[Round "6.4"]
[White "Dannenberg, Thomas"]
[Black "Handke, Moritz"]
[Result "0-1"]
[WhiteElo "1427"]
[BlackElo "1272"]
[PlyCount "74"]
[EventDate "2011.12.27"]
[EventType "team-swiss"]
[EventRounds "7"]
[EventCountry "GER"]
[SourceTitle "EXT 2022"]
[Source "ChessBase"]
[SourceDate "2021.10.06"]
[SourceVersion "1"]
[SourceVersionDate "2021.10.06"]
[SourceQuality "1"]
[WhiteTeam "Iserlohn Koenigsspringer U14"]
[BlackTeam "Merseburg U14"]
[WhiteTeamCountry "GER"]
[BlackTeamCountry "GER"]

1. e4 e5 2. Nf3 Nc6 3. Bc4 Bc5 4. d3 d6 5. Nc3 Nf6 6. Bg5 Bg4 7. h3 Bxf3 8. Qxf3 Nd4 9. Qd1 c6 10. Na4 Bb6 11. c3 Ne6 12. Bxe6 fxe6 13. Nxb6 axb6 14. Qb3 d5 15. 0-0-0 0-0 16. Rhe1 Qc7 17. Be3 c5 18. Bg5 c4 19. dxc4 dxc4 20. Qb4 Rxa2 21. Kc2 Rfa8 22. Qd6 Qc6 23. Qxc6 bxc6 24. Rd6 Kf7 25. Rxc6 b5 26. Rc5 Rb8 27. Kb1 Rba8 28. Kc2 Rb8 29. Kb1 Ra4 30. Bxf6 Kxf6 31. Re2 Ra7 32. Kc2 Rd7 33. Re3 b4 34. Rxc4 b3+ 35. Kc1 Ra8 36. Rf3+ Ke7 37. Rd4 exd4 0-1